Cuentos de misterio y aventura /

Este libro contiene cuatro apasionantes aventuras muy diuferentes entre sí. En una de ellas aparece el misterio de lo sobrenatural; en otra, un joven caballero ofrece su vida para salvar el honor de una doncella y en las otras dos nos enfrentamos con la guerra y sus injusticias

Guardado en:
Autor Corporativo: Bierce, Ambrose.
Otros Autores: Doyle, Arthur Conan., Stevenson, Robert Louis., Alarcón, Pedro Antonio de., Cáceres, Germán; prol.
Formato: Libro
Publicado: Buenos Aires : Santillana, 2001.
Series:Leer es genial. Ingenio y Enigmas
Materias:
Etiquetas: Agregar Etiqueta
Sin Etiquetas, Sea el primero en etiquetar este registro!
LEADER 01390nam a22003015a 4500
001 CEM.cems020033
008 230426s2001##################000#0#####d
005 20230426101849.0
245 1 0 |a Cuentos de misterio y aventura /  |c Ambrose Bierce … y otros; prólogo de Germán Cáceres. 
260 |a Buenos Aires :  |b Santillana,  |c 2001. 
300 |a 105 p. 
490 1 |a Leer es genial. Ingenio y Enigmas 
520 |a Este libro contiene cuatro apasionantes aventuras muy diuferentes entre sí. En una de ellas aparece el misterio de lo sobrenatural; en otra, un joven caballero ofrece su vida para salvar el honor de una doncella y en las otras dos nos enfrentamos con la guerra y sus injusticias 
505 0 |a El puente sobre el río Búho / Ambrose Bierce -- La mano parda / Arthur Conan Doyle -- La puerta del señor de Maletroit / Robert Louis Stevenson -- La corneta de llaves / Pedro Antonio de Alarcón 
020 |a 9504610331 
110 2 |a Bierce, Ambrose. 
700 1 |a Doyle, Arthur Conan. 
700 1 |a Stevenson, Robert Louis. 
700 1 |a Alarcón, Pedro Antonio de. 
700 1 |a Cáceres, Germán; prol. 
082 0 4 |a 808.8 
653 |a Literatura 
653 |a Literatura Universal 
653 |a Cuentos 
653 |a Cuentos de suspenso 
653 |a Narrativa 
653 |a Literatura infantil 
859 |a CEMS  |b BIB. CEMS - Inicial y Primaria  |h 808.8  |i B477  |k IP  |p 6337  |t Ej.1